Русская диалектология: учебное пособие для практических занятий

Bibliographic Details
Other Authors: Артамонова Н. А. Наталия Алексеевна (редактор), Маховая О. А. Ольга Александровна, Нефедова Е. А. Елена Алексеевна, Проколова Е. В. Елена Владимировна
Summary:Данное пособие представляет собой сборник заданий по диалектологии, а также краткие теоретические комментарии и методические рекомендации по наиболее трудным темам. Книга учитывает все достижения и тенденции современной диалектологической науки. Вместе с учебником «Русская диалектология» под редакцией Л. Л. Касаткина составляет единый учебный комплекс.
Language:Russian
Published: Москва, Академия, 2005
Series:Высшее профессиональное образование. Филология
Subjects:
Format: Book
KOHA link:https://koha.lib.tpu.ru/cgi-bin/koha/opac-detail.pl?biblionumber=170906

MARC

LEADER 00000nam0a2200000 4500
001 170906
005 20231101222924.0
010 |a 5769520043 
035 |a (RuTPU)RU\TPU\book\185344 
090 |a 170906 
100 |a 20091130d2005 m y0rusy50 ca 
101 0 |a rus 
102 |a RU 
105 |a y j 001zy 
200 1 |a Русская диалектология  |e учебное пособие для практических занятий  |f Н. А. Артамонова [и др.]  |g под ред. Е. А. Нефедовой 
210 |a Москва  |c Академия  |d 2005 
215 |a 176 с. 
225 1 |a Высшее профессиональное образование. Филология 
320 |a Библиогр.: с. 170. 
320 |a Словарь понятий: c. 160-168. 
330 |a Данное пособие представляет собой сборник заданий по диалектологии, а также краткие теоретические комментарии и методические рекомендации по наиболее трудным темам. Книга учитывает все достижения и тенденции современной диалектологической науки. Вместе с учебником «Русская диалектология» под редакцией Л. Л. Касаткина составляет единый учебный комплекс. 
606 1 |a Русский язык  |x Диалектология, диалектография  |2 stltpush  |3 (RuTPU)RU\TPU\subj\26395  |9 50335 
610 1 |a фонетика 
610 1 |a словообразование 
610 1 |a морфология 
610 1 |a синтаксис 
610 1 |a лексикология 
610 1 |a лексикография 
610 1 |a диалектное чтение 
610 1 |a вокализм 
610 1 |a консонантизм 
610 1 |a имя существительное 
610 1 |a имя прилагательное 
610 1 |a местоимения 
610 1 |a глаголы 
610 1 |a словосочетания 
610 1 |a говоры 
610 1 |a анализ 
686 |a Ш141.2-5  |v LBC/SL-A  |2 rubbk 
701 1 |a Артамонова  |b Н. А.  |g Наталия Алексеевна 
701 1 |a Маховая  |b О. А.  |g Ольга Александровна 
701 1 |a Нефедова  |b Е. А.  |g Елена Алексеевна 
701 1 |a Проколова  |b Е. В.  |g Елена Владимировна 
702 1 |a Нефедова  |b Е. А.  |g Елена Алексеевна  |4 340 
801 1 |a RU  |b 63413507  |c 20091130 
801 2 |a RU  |b 63413507  |c 20151030  |g RCR 
942 |c BK 
959 |a 117/20091126  |d 1  |e 191,40  |f ЧЗИЛ:1